| 000 | 00719cab a2200277 4500 | ||
|---|---|---|---|
| 001 | ABS56041 | ||
| 008 | 090401t1996 xxu||||| |||| 00| 0 eng d | ||
| 035 | _a(Sirsi) u20631 | ||
| 041 | _aeng | ||
| 245 | _aLicensed and leisure property | ||
| 260 | _c1996 | ||
| 300 | _aLOAN | ||
| 350 | _a0 | ||
| 490 |
_aEstates Gazette _vSupplement (9640) 5 October 1996, (30) |
||
| 650 | _aCONVERSIONS | ||
| 650 | _aHOTELS | ||
| 650 | _aLEISURE DEVELOPMENT | ||
| 650 | _aLISTED BUILDINGS | ||
| 650 | _aNIGHTCLUBS | ||
| 650 | _aPUBLIC HOUSES | ||
| 650 | _aRESTAURANTS | ||
| 690 | _aPROPERTY-COMMERCIAL PROPERTY-COMMERCIAL PROPERTY MARKET | ||
| 690 | _aLEISURE AND RECREATION | ||
| 942 | _n0 | ||
| 948 | _c04/03/1997 | ||
| 999 |
_c13820 _d13820 |
||